| 000 | 00851cam a22002771 4500 | ||
|---|---|---|---|
| 001 | sa 68001407 | ||
| 003 | DLC | ||
| 005 | 20260227112433.0 | ||
| 008 | 891010s1966 ii h b 000 0 urdr | ||
| 010 | _asa 68001407 | ||
| 035 | _a(OCoLC)20462173 | ||
| 040 |
_aDLC _cWaU _dDLC |
||
| 041 | 1 |
_aurd _hper |
|
| 042 | _apremarc | ||
| 050 | 0 | 0 |
_aBJ1291 _b.K318 |
| 100 | 1 |
_aKāshifī, Ḥusayn Vāʻiẓ, _d-1504 or 1505. |
|
| 245 | 0 | 0 | _aGanj-i k̲h̲ūbī. |
| 260 |
_a[Delhi, _bShuʻbah-yi Urdū, Dihlī Yūnīvarsiṭī, _c1966] |
||
| 300 |
_axxxvii, 320, 13 p. _bfacsims. _c25 cm. |
||
| 500 | _aAdded t. p. in English. | ||
| 500 | _aIn Urdu. | ||
| 500 | _aTranslation of: Ak̲h̲lāq-i moḥsinī. | ||
| 504 | _aBibliographical footnotes. | ||
| 650 | 0 |
_aIslamic ethics _xEarly works to 1800. |
|
| 700 | 0 |
_aMīr Amman Dihlavī, _dactive 1801-1806. |
|
| 999 |
_c77924 _d77924 |
||